Cartoon by Instagram Story Quiz Stats

 Plays Quiz Updated May 28, 2019

Score 0/8 Timer 04:00
0 Plays Today
% Correct
SpongeBob SquarePants
99.4%
The Simpsons
93.9%
The Flintstones
93.2%
Pokémon
85.9%
Looney Tunes
78.2%
The Smurfs
67.1%
Futurama
64.3%
Animaniacs
44.9%

You're not logged in!

Compare scores with friends on all Sporcle quizzes.
OR
Log In

Sporcle TV

Today on Sporcle TV


Watch our educational content, quiz creation guides, and fun videos on Sporcle TV.

Show Comments

Extras

Top Quizzes Today


Score Distribution

Your Account Isn't Verified!

In order to create a playlist on Sporcle, you need to verify the email address you used during registration. Go to your Sporcle Settings to finish the process.

Report this User

Report this user for behavior that violates our Community Guidelines.

Details: